Introduction to general, organic and biological chemistry

Bibliographic Details
Main Author: Solomon, Sally (Author)
Format: Book
Published: New York McGraw-Hill c1987
Subjects:

MARC

LEADER 00000cam a2200000 7i4500
001 0000007461
008 021119n
020 |a 0070596611 
090 0 0 |a QD31.2  |b .S645 
100 0 |a Solomon, Sally  |e author 
245 0 0 |a Introduction to general, organic and biological chemistry   |c Sally Solomon 
260 2 |a New York   |b McGraw-Hill  |c c1987 
300 |a xi, 845 p. ;  |a AP 1-14, G 1-12, AN1-32, J 1-9 ;  |c 27 cm. 
650 0 |a Chemistry 
999 |a 1000049084  |b Book  |c Close Access  |e Tembila Campus